Word Ladder: Baskin Robbins Original Flavors Quiz Stats

 Plays Quiz Updated Jun 23, 2016

Score 0/31 Timer 04:00
0 Plays Today
Clue 5-Letter Rung % Correct
Feature to walk on a pirate shipPLANK
93.1%
Not yet written onBLANK
92.8%
» _____ Walnut «
OR Jack of 'School of Rock'
BLACK
92%
LocationPLACE
91.3%
Farmers' yieldsCROPS
90.1%
Homes for hensCOOPS
88.6%
Tool for flattening a surfacePLANE
87.4%
Nobel Prize categoryPEACE
87.1%
ReekSTINK
86.9%
Not tautSLACK
86.5%
CROSS
86%
''Goosebumps'' author R.L.STINE
85.4%
Shoe finishSHINE
85.4%
» Lemon _____ «
OR Firm like a potato chip
CRISP
84.5%
Smooth-talkingSLICK
81.7%
» Peppermint _____ «
OR very cheap childhood 'toy'
STICK
80.8%
Clue 5-Letter Rung % Correct
PocketbookPURSE
79.1%
Angel the illusionistCRISS
78.9%
'___ Illustrated' bimonthly recipe magazineCOOK'S
78.8%
Too self-confidentCOCKY
76.7%
» _____ Road «
Best Picture Oscar winner from 1976
ROCKY
76.5%
» Vanilla _____ Almond «
OR Charred
BURNT
73.9%
South Carolina athletes, for shortCOCKS
73%
Kind of porridgePEASE
71.2%
As such (2 words)PER SE
69.3%
ExplodeBURST
66.7%
Bell tower soundCHIME
66.4%
Angular hair waveCRIMP
65.7%
Orang cousinCHIMP
65.5%
BackboneCHINE
60.4%
Religious cloth case for communionBURSE
60.4%

Today's Daily Dose

You're not logged in!

Compare scores with friends on all Sporcle quizzes.
OR
Log In

Show Comments

Extras

Top Quizzes Today


Score Distribution

Your Account Isn't Verified!

In order to create a playlist on Sporcle, you need to verify the email address you used during registration. Go to your Sporcle Settings to finish the process.

Report this User

Report this user for behavior that violates our Community Guidelines.

Details: